000
00300nam a22001217a 4500
008
240711b |||||||| |||| 00| 0 eng d
100
_a
Deepchand
_9
16844
245
_a
Sindhi Ratan Mala
260
_a
Ajmer:
_b
Sunder Sahitya;
_c
1968.
300
_a
234p.
700
_a
Trilok Chand
_9
16845
942
_c
BK
999
_c
39961
_d
39961